| 000 | 01498cam a22004097a 4500 | ||
|---|---|---|---|
| 003 | CHAP | ||
| 005 | 20220329142701.0 | ||
| 008 | 010920d2001 mx r 00110 spa d | ||
| 010 | _a86481 | ||
| 011 | _a87453 | ||
| 035 | _a97997 | ||
| 040 | _cCHAP | ||
| 090 | _aTesis | ||
| 100 | 0 | 0 |
_aRojano Aguilar, Fernando _999261 |
| 245 | 1 | 3 |
_aEl software trims para administración de campos de golf _c/por Fernando Rojano Aguilar |
| 260 |
_aChapingo, Méx. : _bEl autor, _c2002. |
||
| 300 | _a62 h. | ||
| 502 | _aTesis (Ing. Mecánico Agrícola) -- UACH. Departamento de Ingeniería Mecánica Agrícola | ||
| 590 |
_aALEPH _b10 _c20130110 _lUCH01 _h1450 |
||
| 590 |
_aBATCH-UPD _b10 _c20130110 _lUCH01 _h0218 |
||
| 590 |
_aBATCH-UPD _b10 _c20130110 _lUCH01 _h0835 |
||
| 590 |
_aBATCH-UPD _b10 _c20130409 _lUCH01 _h2238 |
||
| 590 |
_aBATCH-UPD _b10 _c20130410 _lUCH01 _h1158 |
||
| 590 |
_aBATCH-UPD _b10 _c20130914 _lUCH01 _h0544 |
||
| 590 |
_aCONVERSION _b10 _c20130109 _lUCH01 _h1348 |
||
| 650 | 1 | 4 |
_aAdministración de empresas _xSistemas de informacion. _9928 |
| 650 | 1 | 4 |
_aBases de datos. _910684 |
| 650 | 1 | 4 |
_aCampos de golf. _918094 |
| 650 | 1 | 4 |
_aPersonal _xAdministración de. _987325 |
| 650 | 1 | 4 |
_aProcesamiento automático de datos en maquinaria agrícola. _991799 |
| 650 | 1 | 4 |
_aSoftware. _9108281 |
| 901 | _aBK | ||
| 905 | _aAlejandra Carrasco M. | ||
| 942 | _cFOLL | ||
| 949 |
_aTesis _bBC _cTES _d33724000879367 _eTS2 _fc.2 _h40159 _i97997 _sb |
||
| 949 |
_aTesis _bBC _cTES _d979971 _eTS1 _h40158 _i97997 _sb |
||
| 999 |
_c86481 _d86481 |
||